Geography Quiz

Random Geography or World Quiz

Where in the World? Quiz Stats

 Plays Quiz Updated Mar 9, 2018

Challenge
Share
Tweet
Embed
Score 0/60 Timer 04:00
9 Plays Today
Hint Answer % Correct
Name the State from CityCalifornia
96.1%
Name the Country from CityJapan
94.7%
Name the Country from CityUnited Kingdom
94.6%
Name the Country from CityRussia
94.2%
Name the Country from CityChina
93%
Name the Country from CityEgypt
92.2%
Name the Country from CityGermany
91.8%
Name the Country from CityBrazil
91.5%
Name the Country from CitySpain
91.5%
Name the Country from CityUnited States
90.4%
Name the State from CityHawai'i
90.3%
Name the Country from CityIraq
88.4%
Name the Country from CityPeru
87.6%
Name the Continent from CountryAsia
87.4%
Name the Country from CityThailand
87.2%
Name the Country from CitySouth Korea
86.5%
Name the Country from CityTurkey
86.1%
Name the Country from CitySouth Africa
85.8%
Name the State from CityFlorida
85.8%
Name the Country from CityIndia
85.4%
Name the Continent from CountryEurope
85.4%
Name the State from CityTennessee
84.6%
Name the State from CityMassachusetts
84.2%
Name the Continent from CountryAfrica
83.9%
Name the Continent from CountrySouth America
83.5%
Name the State from CityArizona
81.8%
Name the State from CityAlaska
81.1%
Name the Continent from CountryNorth America
80.8%
Name the State from CityNew Mexico
80.7%
Name the State from CityTexas
80.4%
Hint Answer % Correct
Name the Continent from CountryAsia
80.3%
Name the Continent from CountryOceania
78.5%
Name the Continent from CountryAfrica
78.2%
Name the State from CityPennsylvania
77.8%
Name the Country from CityIran
77.7%
Name the State from CityNew York
77.6%
Name the Continent from CountrySouth America
76.7%
Name the Continent from CountryNorth America
76.2%
Name the Continent from CountryEurope
75.8%
Name the State from CityLouisiana
75.4%
Name the Continent from CountryAsia
74.6%
Name the State from CityNorth Carolina
73.4%
Name the Continent from CountrySouth America
73.2%
Name the State from CityNebraska
71.5%
Name the Country from CityIndonesia
68.8%
Name the Continent from CountryAsia
68.8%
Name the Continent from CountryNorth America
68.2%
Name the Continent from CountryEurope
67.9%
Name the Continent from CountryOceania
67.5%
Name the State from CityWisconsin
66.7%
Name the State from CityOhio
63%
Name the State from CityWashington
62.8%
Name the Continent from CountryNorth America
62%
Name the Continent from CountryOceania
59.4%
Name the State from CityOregon
58.7%
Name the Continent from CountryAfrica
57.9%
Name the State from CityVirginia
54.9%
Name the Country from CityPakistan
54.8%
Name the State from CityIndiana
48.5%
Name the Country from CityKyrgyzstan
32%

You're not logged in!

Compare scores with friends on all Sporcle quizzes.
OR
Log In

You Might Also Like...

Show Comments

Extras

Top Quizzes Today


Score Distribution

Your Account Isn't Verified!

In order to create a playlist on Sporcle, you need to verify the email address you used during registration. Go to your Sporcle Settings to finish the process.

Report this User

Report this user for behavior that violates our Community Guidelines.

Details: